00385nam a2200145Ia 4500008004100000040001900041041001200060082002200072100001900094245004600113260002500159300001900184650002000203850001600223131103s9999 xx 000 0 und d aLoreto College aEnglish aF/KEEbLCBED/6486 aKeene, Carolyn 4aThe secret of shadow ranchcCarolyn Keene aLondonbArmadac1971 a158p. c 18cm. aEnglish fiction aLCBED/F/KEE